UITU Library & LRC     

In-Pipe Hydro Power Turbine (Record no. 33355)

MARC details
000 -LEADER
fixed length control field 00625nam a2200157Ia 4500
008 - FIXED-LENGTH DATA ELEMENTS--GENERAL INFORMATION
fixed length control field 260210s9999 xx 000 0 und d
024 ## - OTHER STANDARD IDENTIFIER
Standard number or code 18B-001-PE, 18B-008-PE, 18B-013-PE & 18B-020-PE
082 ## - DEWEY DECIMAL CLASSIFICATION NUMBER
Classification number 621.31072 QAD
100 ## - MAIN ENTRY--PERSONAL NAME
Personal name Abdul Haseeb Qadri, Qunber, Muhammad Irtaz Bari & Obaid Ali
110 ## - MAIN ENTRY--CORPORATE NAME
Corporate name or jurisdiction name as entry element Dr. Abdul Qadir & Engr. Faiz Ahmed
245 #0 - TITLE STATEMENT
Title In-Pipe Hydro Power Turbine
260 ## - PUBLICATION, DISTRIBUTION, ETC.
Place of publication, distribution, etc. Karachi:
Name of publisher, distributor, etc. UITU,
Date of publication, distribution, etc. 2018
600 ## - SUBJECT ADDED ENTRY--PERSONAL NAME
Personal name Power Engineering
650 ## - SUBJECT ADDED ENTRY--TOPICAL TERM
Topical term or geographic name entry element Bachelor of Engineering (BE)
856 ## - ELECTRONIC LOCATION AND ACCESS
Uniform Resource Identifier <a href="https://drive.google.com/file/d/17bKnR3MpfpY7ivmjNzLaNqvOg6Z5-VxS/view?usp=sharing">https://drive.google.com/file/d/17bKnR3MpfpY7ivmjNzLaNqvOg6Z5-VxS/view?usp=sharing</a>
Link text Click here for PDF

No items available.

Powered by Koha